Célébrités Française - Statistiques

Statistiques générales
  • Ce quiz a été pris 645 fois
  • Le résultat moyen est 11 sur 16
Statistiques - réponses
Par images Réponse % Correct
Mbappe
99%
Zidane
93%
Hollande
91%
Deschamps
88%
Sch
86%
Squeezie
86%
De Gaulle
84%
Aznavour
76%
Ninho
75%
Aliagas
65%
Antoine
61%
Pernaut
57%
Belmondo
49%
Delon
38%
Renaud
37%
Kopa
16%
Aucun quiz correspondant
Distribution des résultats
% des personnes avec chaque résultat
Percentile par nombre de réponses
Votre historique - résultats
Vous n’avez pas pris ce quiz